000 00492nam a2200169 i 4500
001 52864
003 ES-MaACL
005 20230906162647.0
007 t|
008 030905s1906 fr ||||1| fre d
100 1 _aDeguy, Maxence.
_9154522
245 1 0 _aTraité de microscopie clinique /
_cpar M. Deguy, A. Guillaumin.
260 _aParis :
_bMasson et Cie,
_c1906 (
_fLahure)
300 _aVIII, 427 p., 43 lám. ;
_c28 cm.
700 1 _aGuillaumin, A.
_960734
852 _aES-MaACL
_jF-1110
999 _c52864
_d52864